[Event "CSS-ch U16"]
[Site "Svetla nad Sazavou"]
[Date "1995.??.??"]
[Round "?"]
[White "Jerabek, Vratislav"]
[Black "Rydl, Frantisek Jr"]
[Result "1-0"]
[WhiteElo "1930"]
[BlackElo "1945"]
[PlyCount "35"]
[EventDate "1995.??.??"]
[EventType "swiss"]
[EventRounds "9"]
[EventCountry "CZE"]
[SourceTitle "EXT 2001"]
[Source "ChessBase"]
[SourceDate "2000.11.22"]
[SourceVersion "1"]
[SourceVersionDate "2000.11.22"]
[SourceQuality "1"]

1. e4 c5 2. Nf3 e6 3. d4 cxd4 4. Nxd4 a6 5. Nc3 Qc7 6. Be2 b5 7. 0-0 Bb7 8. Bf3 d6 9. Re1 Be7 10. a4 b4 11. Na2 Qa5 12. b3 Nc6 13. Nxc6 Bxc6 14. Bd2 Rb8 15. c3 bxc3 16. Bxc3 Qg5 17. Qc1 e5 18. Bd2 1-0

[Event "CSS-ch U16"]
[Site "Svetla nad Sazavou"]
[Date "1995.??.??"]
[Round "?"]
[White "Krsek, Lukas"]
[Black "Jerabek, Vratislav"]
[Result "1/2-1/2"]
[WhiteElo "1705"]
[BlackElo "1930"]
[PlyCount "43"]
[EventDate "1995.??.??"]
[EventType "swiss"]
[EventRounds "9"]
[EventCountry "CZE"]
[SourceTitle "EXT 2001"]
[Source "ChessBase"]
[SourceDate "2000.11.22"]
[SourceVersion "1"]
[SourceVersionDate "2000.11.22"]
[SourceQuality "1"]

1. e4 e6 2. d4 d5 3. e5 c5 4. c3 Nc6 5. Nf3 Bd7 6. Be2 Nge7 7. Na3 cxd4 8. cxd4 Nf5 9. Nc2 Nb4 10. Nxb4 Bxb4+ 11. Bd2 Bxd2+ 12. Qxd2 0-0 13. 0-0 Qb6 14. Rac1 Rac8 15. Rc3 Rc6 16. Rfc1 Rfc8 17. Bd3 Qd8 18. Bxf5 exf5 19. Rxc6 Rxc6 20. Rxc6 Bxc6 21. Qc2 Qd7 22. Qc3 1/2-1/2